000 00633nam a2200193 a 4500
005 20151117030112.0
008 140226b1998 gw ||||| |||| 00| 0 eng d
040 _aCO-BoIAVH
_cCO-BoIAVH
041 _aspa
_heng
090 _aLB
_b01210
100 _aLange, Dagmar
_910789
245 _aUnidad de formación relativa a especies vegetales incluidas en CITES utilizadas con fines medicinales
260 _aBonn
_bAlemania. Agencia federal para la conservación de la naturaleza
_c1998
300 _a100 p.
650 _aCITES
_92790
650 _aListas rojas UICN
_91359
650 _aPlantas medicinales
_942005
942 _cINFORME
_2z
999 _c1220
_d1220